Normal view
MARC view
- Devalle de Rendo, Alicia,
Entry Nombre Personal
001 - NUMERO DE CONTROL
- campo de control: 31125
003 - IDENTIFICADOR DE NUMERO DE CONTROL
- campo de control: UPN
005 - FECHA Y HORA DE LA ÜLTIMA TRANSACCIÓN
- campo de control: 20210219194420.0
008 - DATOS DE LONGITUD FIJA
- campo de control de longitud fija: nabaccnnaabn|||||||||| b |nc|||||d
035 ## - NUMERO DE CONTROL
- Número de control: UPN11000003231
040 ## - FUENTE DE CATALOGACIÓN
- Lenguaje de catalogación: SPA
- Agencia de transcripción: UPN
100 1# - ENCABEZAMIENTO - NOMBRE PERSONAL
- Nombre personal: Devalle de Rendo, Alicia,
- Fechas asociadas con el nombre: 1942-2006
670 ## - FUENTE EN LA QUE SE LOCALIZARON DATOS
- Cita de la fuente: T
- Uniform Resource Identifier: http://formadores.ning.com/profiles/blogs/devalle-de-rendo-alicia-la
902 ## - CATALOGADOR
- Catalogador: CAA/040811
